| 000 | 00000nam 2200000zi 4500 |
| 001 | 9.863877 |
| 003 | CaOODSP |
| 005 | 20251030100604 |
| 006 | m o d f |
| 007 | cr ||||||||||| |
| 008 | 181030t20192019onc #obs f000 0 eng d |
| 020 | |a9780660283241 |
| 040 | |aCaOODSP|beng|erda|cCaOODSP |
| 043 | |an-cn--- |
| 086 | 1 |aCS89-657/2019-1E-PDF |
| 100 | 1 |aChavez, Brigitte, |d1969- |eauthor. |
| 245 | 10|aImmigration and language in Canada, 2011 and 2016 / |cby Brigitte Chavez. |
| 264 | 1|a[Ottawa] : |bStatistics Canada, |c2019. |
| 264 | 4|c©2019 |
| 300 | |a1 online resource (195 pages). |
| 336 | |atext|btxt|2rdacontent |
| 337 | |acomputer|bc|2rdamedia |
| 338 | |aonline resource|bcr|2rdacarrier |
| 490 | 1 |aEthnicity, language and immigration thematic series ; |v2019001 |
| 500 | |aTitle from cover. |
| 500 | |a"Release date: January 28, 2019." |
| 500 | |aIssued also in HTML format. |
| 500 | |aIssued also in French under title: Immigration et langue au Canada, 2011 et 2016. |
| 504 | |aIncludes bibliographical references. |
| 520 | |a"This document focuses on immigration and language in Canada. It presents a general statistical portrait of immigrants by certain language characteristics and by their main countries of birth, using data from the 2011 National Household Survey and the 2016 Census of Population"--Introduction, page 5. |
| 692 | 07|2gccst|aImmigration |
| 692 | 07|2gccst|aLanguages |
| 692 | 07|2gccst|aStatistics |
| 710 | 2 |aStatistics Canada. |
| 775 | 08|tImmigration et langue au Canada, 2011 et 2016 / |w(CaOODSP)9.863878 |
| 830 | #0|aEthnicity, language and immigration thematic series (Statistics Canada)|v2019001.|w(CaOODSP)9.824152 |
| 856 | 40|qPDF|s871 KB|uhttps://publications.gc.ca/collections/collection_2019/statcan/89-657-x/89-657-x2019001-eng.pdf |
| 856 | 4 |qHTML|sN/A|uhttps://www150.statcan.gc.ca/n1/pub/89-657-x/89-657-x2019001-eng.htm |
| 986 | |a89-657-X2019001 |